[Event "Hillerod-ch D"]
[Site "Hillerod"]
[Date "2022.05.15"]
[Round "3"]
[White "Hein, Jacob"]
[Black "Rasmussen, Bjarne"]
[Result "1/2-1/2"]
[WhiteElo "1506"]
[BlackElo "1474"]
[PlyCount "57"]
[EventDate "2022.05.15"]
[EventType "tourn"]
[EventRounds "5"]
[EventCountry "DEN"]
[SourceTitle "EXT 2024"]
[Source "ChessBase"]
[SourceDate "2023.10.10"]
[SourceVersion "1"]
[SourceVersionDate "2023.10.10"]
[SourceQuality "1"]

1. Nf3 d5 2. e4 dxe4 3. Ng5 h6 4. Nxe4 Bf5 5. Ng3 Bg6 6. b3 Nf6 7. Be2 e6 8. Ba3 Bd6 9. Nh5 Nxh5 10. Bxh5 Bxh5 11. Qxh5 Bxa3 12. Nxa3 Nd7 13. 0-0 0-0 14. Nc4 Nf6 15. Qe2 c5 16. Rfd1 Qc7 17. Rac1 Nd5 18. Ne3 Rad8 19. a3 b6 20. c4 Nxe3 21. dxe3 Rxd1+ 22. Rxd1 Rd8 23. Rd3 Kf8 24. Kf1 Ke7 25. g3 Rxd3 26. Qxd3 Qe5 27. Kg2 f5 28. Qb1 Qe4+ 29. Qxe4 1/2-1/2

[Event "Hillerod-ch D"]
[Site "Hillerod"]
[Date "2022.05.15"]
[Round "1"]
[White "Sorensen, Bernhard"]
[Black "Rasmussen, Bjarne"]
[Result "1/2-1/2"]
[WhiteElo "1642"]
[BlackElo "1474"]
[PlyCount "78"]
[EventDate "2022.05.15"]
[EventType "tourn"]
[EventRounds "5"]
[EventCountry "DEN"]
[SourceTitle "EXT 2024"]
[Source "ChessBase"]
[SourceDate "2023.10.10"]
[SourceVersion "1"]
[SourceVersionDate "2023.10.10"]
[SourceQuality "1"]

1. d4 d5 2. Bf4 Nf6 3. e3 e6 4. Nf3 c5 5. c3 Nc6 6. Nbd2 Bd6 7. Bg3 c4 8. b3 b5 9. Be2 Bxg3 10. hxg3 Qc7 11. a4 Ba6 12. axb5 Bxb5 13. bxc4 dxc4 14. Nxc4 Bxc4 15. Bxc4 0-0 16. Bd3 h6 17. Qc2 a5 18. Rh4 Ne7 19. Ne5 Ned5 20. Kd2 Rfc8 21. Rc1 Qe7 22. Qa4 Qb7 23. Nc4 Qc7 24. Qc2 Qc6 25. e4 Ne7 26. f3 Qc7 27. e5 Nfd5 28. Nd6 Rf8 29. Be4 Rab8 30. Rch1 f5 31. exf6 Rxf6 32. Bh7+ Kf8 33. Ne4 Rf7 34. Rg4 Nf6 35. Nxf6 Rxf6 36. Be4 Ng8 37. Qa2 Rc8 38. Qa3+ Ke8 39. Qa4+ Kf8 1/2-1/2

[Event "Hillerod CC-ch Grp 3"]
[Site "Hillerod"]
[Date "2019.12.10"]
[Round "3"]
[White "Eldor, Finn"]
[Black "Rasmussen, Bjarne"]
[Result "1/2-1/2"]
[WhiteElo "1386"]
[BlackElo "1503"]
[PlyCount "77"]
[EventDate "2019.12.10"]
[EventType "swiss"]
[EventRounds "7"]
[EventCountry "DEN"]
[SourceTitle "EXT 2024"]
[Source "ChessBase"]
[SourceDate "2023.10.10"]
[SourceVersion "1"]
[SourceVersionDate "2023.10.10"]
[SourceQuality "1"]

1. d4 d5 2. c4 Nf6 3. Nc3 h6 4. cxd5 Nxd5 5. e4 Nxc3 6. bxc3 e6 7. Nf3 Bd6 8. e5 Be7 9. Bd3 0-0 10. 0-0 c5 11. Bb2 Qd7 12. Qc2 b6 13. Nd2 Bb7 14. Rad1 a6 15. Ne4 Qc6 16. f3 c4 17. Be2 b5 18. Ra1 Nd7 19. Bd1 f6 20. exf6 Nxf6 21. Nxf6+ Rxf6 22. Qf2 Qc7 23. Bc2 e5 24. Rae1 exd4 25. cxd4 Rd8 26. Be4 Bxe4 27. Rxe4 Rf4 28. Re6 c3 29. Bxc3 Qxc3 30. Rxe7 Rfxd4 31. h3 Rd2 32. Qb6 Qb2 33. Qe6+ Kh8 34. Qg4 Qc3 35. Rfe1 Rd1 36. Qe6 Qc5+ 37. Kh2 Rxe1 38. Qxe1 Qd6+ 39. Kg1 1/2-1/2

[Event "Hillerod Vinhuset Stoltz op"]
[Site "Hillerod"]
[Date "2019.09.24"]
[Round "3"]
[White "Jahic, Afan"]
[Black "Rasmussen, Bjarne"]
[Result "0-1"]
[WhiteElo "1330"]
[BlackElo "1465"]
[PlyCount "116"]
[EventDate "2019.09.24"]
[EventType "swiss"]
[EventRounds "7"]
[EventCountry "DEN"]
[SourceTitle "EXT 2021"]
[Source "ChessBase"]
[SourceDate "2020.10.23"]
[SourceVersion "1"]
[SourceVersionDate "2020.10.23"]
[SourceQuality "1"]

1. e4 e5 2. Nf3 Nc6 3. Bc4 Bc5 4. 0-0 h6 5. c3 d6 6. d4 exd4 7. cxd4 Bb6 8. Re1 Bg4 9. Bb5 Bd7 10. e5 Nge7 11. Nc3 0-0 12. exd6 cxd6 13. d5 Nb4 14. Bxd7 Qxd7 15. a3 Na6 16. Be3 Bxe3 17. Rxe3 Rfe8 18. Nd4 Nc7 19. Qf3 a6 20. Rae1 Ng6 21. Nf5 Rxe3 22. Rxe3 Re8 23. Rxe8+ Nxe8 24. Ne4 Qb5 25. h3 Qxb2 26. Nfxd6 Nxd6 27. Nxd6 Qa1+ 28. Kh2 Qe5+ 29. Qg3 Qxd5 30. Nc8 Qe5 31. Qxe5 Nxe5 32. Nb6 f5 33. Kg3 g5 34. f4 Nd3 35. fxg5 hxg5 36. Kf3 Kf7 37. Ke3 Nf4 38. Kf3 Nd3 39. Ke3 Nb2 40. Kd4 Ke6 41. a4 Nd1 42. Nd5 Kd6 43. Kc4 Nb2+ 44. Kd4 Nxa4 45. Nf6 b5 46. Ne8+ Ke7 47. Nc7 Kf6 48. Nxa6 Nb2 49. Nb4 Nc4 50. Nd5+ Kg6 51. Nc7 Na3 52. Nd5 Nc2+ 53. Kc3 Ne1 54. Ne7+ Kf6 55. Nd5+ Ke5 56. Ne3 Ke4 57. Kd2 f4 58. Nf1 Nxg2 0-1

[Event "Hillerod Byturnering D"]
[Site "Hillerod"]
[Date "2019.06.11"]
[Round "6"]
[White "Rasmussen, Bjarne"]
[Black "Jahic, Afan"]
[Result "1-0"]
[WhiteElo "1390"]
[BlackElo "1392"]
[PlyCount "99"]
[EventDate "2019.04.23"]
[EventType "swiss"]
[EventRounds "7"]
[EventCountry "DEN"]
[SourceTitle "EXT 2024"]
[Source "ChessBase"]
[SourceDate "2023.10.10"]
[SourceVersion "1"]
[SourceVersionDate "2023.10.10"]
[SourceQuality "1"]

1. e4 c5 2. Bc4 Nc6 3. Nf3 d6 4. d3 Nf6 5. a3 g6 6. Nc3 Bg7 7. h3 0-0 8. 0-0 a6 9. Rb1 b5 10. Ba2 Qa5 11. Bd5 Bb7 12. Bd2 e6 13. Bxc6 Bxc6 14. Nd5 Qd8 15. Ne3 Rc8 16. b3 Nd7 17. c4 Ne5 18. Nxe5 Bxe5 19. Ng4 Bg7 20. Qc1 h5 21. Ne3 Qb6 22. Bc3 e5 23. Bd2 Kh7 24. f3 Rfe8 25. Kh1 Re7 26. g4 hxg4 27. hxg4 Rh8 28. Kg2 Kg8 29. Rh1 f6 30. cxb5 axb5 31. a4 b4 32. Qc4+ Kf8 33. Rxh8+ Bxh8 34. Nd5 Bxd5 35. Qxd5 Rh7 36. Qa8+ Kf7 37. Rh1 Rxh1 38. Kxh1 Bg7 39. Qd5+ Kf8 40. Qa8+ Kf7 41. g5 Qc7 42. Qd5+ Kf8 43. gxf6 Bxf6 44. Bh6+ Ke7 45. Qg8 Kd7 46. Qxg6 Ke6 47. Bg5 Qe7 48. Qxf6+ Qxf6 49. Bxf6 Kxf6 50. a5 1-0

[Event "Hillerod Byturnering D"]
[Site "Hillerod"]
[Date "2019.05.28"]
[Round "5"]
[White "Rasmussen, Bjarne"]
[Black "Eldor, Finn"]
[Result "0-1"]
[WhiteElo "1390"]
[BlackElo "1316"]
[PlyCount "92"]
[EventDate "2019.04.23"]
[EventType "swiss"]
[EventRounds "7"]
[EventCountry "DEN"]
[SourceTitle "EXT 2024"]
[Source "ChessBase"]
[SourceDate "2023.10.10"]
[SourceVersion "1"]
[SourceVersionDate "2023.10.10"]
[SourceQuality "1"]

1. e4 c5 2. Bc4 e6 3. Nc3 Nc6 4. Nf3 Bd6 5. d3 b6 6. a3 a6 7. Ne2 b5 8. Ba2 Rb8 9. Bf4 e5 10. Bg3 Bc7 11. Qd2 d6 12. Ng5 Nh6 13. Bh4 Qd7 14. h3 0-0 15. f4 Kh8 16. f5 f6 17. Nf3 b4 18. Be6 Qd8 19. Bxc8 Qxc8 20. 0-0 Ba5 21. axb4 Bxb4 22. c3 Ba5 23. g4 Nf7 24. Bf2 Bd8 25. h4 a5 26. Be3 Be7 27. Kf2 Qc7 28. Rg1 Qd7 29. g5 Nfd8 30. g6 h6 31. Bxh6 Rg8 32. Ng5 fxg5 33. Bxg5 Ne6 34. Rh1 Rgf8 35. Kg3 Qe8 36. Bxe7 Nxe7 37. h5 Nxf5+ 38. exf5 Rxf5 39. Raf1 Rg5+ 40. Kh4 Qe7 41. Ng3 Rxg6+ 42. Kh3 Rf6 43. Nf5 Qd7 44. Kg4 Rbf8 45. Rf3 Nf4 46. Rxf4 exf4 0-1

[Event "Hillerod Byturnering D"]
[Site "Hillerod"]
[Date "2019.05.07"]
[Round "2"]
[White "Rand, Svend Aage"]
[Black "Rasmussen, Bjarne"]
[Result "0-1"]
[WhiteElo "1480"]
[BlackElo "1390"]
[PlyCount "50"]
[EventDate "2019.04.23"]
[EventType "swiss"]
[EventRounds "7"]
[EventCountry "DEN"]
[SourceTitle "EXT 2024"]
[Source "ChessBase"]
[SourceDate "2023.10.10"]
[SourceVersion "1"]
[SourceVersionDate "2023.10.10"]
[SourceQuality "1"]

1. d4 d5 2. Nf3 e6 3. Bf4 Nc6 4. e3 a6 5. c3 Bd6 6. Bxd6 Qxd6 7. Bd3 Nf6 8. Nbd2 h6 9. 0-0 e5 10. dxe5 Nxe5 11. Nxe5 Qxe5 12. Nf3 Qd6 13. h3 0-0 14. Qc2 c6 15. Nd4 Be6 16. Bf5 Rae8 17. Bxe6 fxe6 18. Qb3 Rf7 19. Rac1 Ref8 20. c4 Ne4 21. Rc2 Qe7 22. Nf3 Rxf3 23. gxf3 Rxf3 24. Kg2 Qf7 25. Rh1 Rxf2+ 0-1

[Event "Hillerod CC-ch D"]
[Site "Hillerod"]
[Date "2019.04.02"]
[Round "6"]
[White "Rasmussen, Bjarne"]
[Black "Estrup, Philip"]
[Result "1/2-1/2"]
[WhiteElo "1375"]
[BlackElo "1527"]
[PlyCount "65"]
[EventDate "2019.01.08"]
[EventType "swiss"]
[EventRounds "7"]
[EventCountry "DEN"]
[SourceTitle "EXT 2024"]
[Source "ChessBase"]
[SourceDate "2023.10.10"]
[SourceVersion "1"]
[SourceVersionDate "2023.10.10"]
[SourceQuality "1"]

1. e4 c5 2. Bc4 Nc6 3. Nc3 d6 4. a3 a6 5. d3 b5 6. Bd5 Bb7 7. Bxc6+ Bxc6 8. Nf3 g6 9. Bd2 Bg7 10. Rb1 e6 11. 0-0 Qc7 12. Bf4 Ne7 13. Qd2 0-0 14. Bh6 d5 15. Qg5 f6 16. Qh4 dxe4 17. dxe4 Rad8 18. Bxg7 Kxg7 19. Rbd1 g5 20. Nxg5 fxg5 21. Qxg5+ Kh8 22. Qxc5 Rg8 23. Rxd8 Qxd8 24. Qe5+ Rg7 25. Rd1 Qg8 26. g3 Ng6 27. Qf6 Ne7 28. Rd6 Qf7 29. Qe5 Ng6 30. Qd4 e5 31. Rd8+ Rg8 32. Rxg8+ Kxg8 33. Qd6 1/2-1/2

[Event "Hillerod CC-ch D"]
[Site "Hillerod"]
[Date "2019.02.13"]
[Round "3"]
[White "Mariegaard, Sebastian"]
[Black "Rasmussen, Bjarne"]
[Result "0-1"]
[WhiteElo "1000"]
[BlackElo "1375"]
[PlyCount "64"]
[EventDate "2019.01.08"]
[EventType "swiss"]
[EventRounds "7"]
[EventCountry "DEN"]
[SourceTitle "EXT 2024"]
[Source "ChessBase"]
[SourceDate "2023.10.10"]
[SourceVersion "1"]
[SourceVersionDate "2023.10.10"]
[SourceQuality "1"]

1. d4 d5 2. c4 Nf6 3. e3 e6 4. Nf3 Be7 5. Nc3 b6 6. cxd5 Nxd5 7. Bd3 Bb7 8. 0-0 Nd7 9. a3 0-0 10. e4 Nxc3 11. bxc3 c5 12. Qe2 h6 13. e5 Rc8 14. Bf4 Qc7 15. Be4 cxd4 16. cxd4 Bxe4 17. Qxe4 Qc6 18. Qe3 f6 19. Rfc1 Qb7 20. h4 fxe5 21. dxe5 Bc5 22. Qd2 Qe4 23. Qxd7 Qxf4 24. Qxe6+ Kh8 25. Qh3 Bxf2+ 26. Kxf2 Rxc1 27. Rxc1 Qxc1 28. Qg3 Qxa3 29. Qg6 Qe7 30. h5 Qxe5 31. Kg1 Qc5+ 32. Kh2 a5 0-1